01040nas a2200241Ia 4500001001100000003000900011008004100020040001300061040001300074041001300087100003800100210002600138222002600164245010900190250001100299260002900310501008600339300001100425310001500436362003400451500026000485650005300745R519/L0220IT-RoPAU151124c99999999xx |||||||||||| ||und|| aIT-RoPAU cIT-RoPAU aITALIANO aAA.VV. gCodice Aut. SPICS: 12000 aECONOMIA & MANAGEMENT aEconomia & Management aECONOMIA & MANAGEMENT, N.6 (NOVEMBRE/DICEMBRE 2003)bEconomia & Management, N.6 (Novembre/Dicembre 2003) a1a ed. aMILANObETAS LIBRIc2003 bPaulus - SPICS - Società San Paolo EM (non-commercial uses only)cCopyright2015 a128 p. aBIMESTRALE aN.06 (NOVEMBRE/DICEMBRE 2003) aEditoriale: Chi Ha Paura di Basilea 2? di A. Sironi; Basilea 2: Razionamento del Credito e Pmi; Inasprimento dei Requisiti Patrimoniali; Quali Conseguenze per il Rapporto Banca-Impresa?. Tribuna Lettori: Quale Rapporto tra Delitti Societari e Delitti Trib aPUBBLICITA' - MARKETINGvPUBBLICAZIONE PERIODICA